Rizikový kapitál a jeho miesto v podnikateľských financiách v SR a vyspelých trhových ekonomikách bakalárska práca

Enregistré dans:
Détails bibliographiques
Auteur principal: Sarvaš, Jakub
Collectivité auteur: Národohospodárska fakulta EU. Katedra financií
Autres auteurs: Hofreiter, Miloš, 1982-
Format: Livre
Langue:slovaque
Publié: Bratislava 2009
Tags: Ajouter un tag
Pas de tags, Soyez le premier à ajouter un tag!

MARC

LEADER 00000nam$a2200000$$$4500
001 0103728
005 20240318141509.9
041 0 |a slo 
044 |a SK 
245 1 0 |a Rizikový kapitál a jeho miesto v podnikateľských financiách v SR a vyspelých trhových ekonomikách  |b bakalárska práca  |c Jakub Sarvaš ; škol. Miloš Hofreiter 
264 1 |a Bratislava  |c 2009 
300 |a 37 s. 
100 1 |a Sarvaš, Jakub 
700 1 |a Hofreiter, Miloš, 1982- 
710 2 |a Národohospodárska fakulta EU. Katedra financií